000 00726nam a2200229 a 4500
005 20191224041810.0
008 160212t2001 -ukad fr|||| 001 0 eng d
020 _a0750674016
040 _aCO-BoIAVH
_cCO-BoIAVH
041 0 _aeng
044 _aenk
082 0 4 _a354.335
_bC52g
100 1 _aCheremisinoff, Nicholas P.
245 1 0 _aGreen profits :
_bthe manager's handbook for ISO 14001 and pollution prevention
260 _aBoston :
_bButterworth Heinemann,
_cc2001.
300 _a380 páginas :
_bIlustraciones, gráficos ;
_c25 x 16 cm.
650 1 6 _aPolución
650 2 6 _aPolítica ambiental
650 2 6 _aPrevención
700 1 _aBendavid Val, Avrom
942 _cLIBRO
_2ddc
999 _c5606
_d5606